<?xml version="1.0" encoding="UTF-8"?>
<marc:record xmlns:marc="http://www.loc.gov/MARC21/slim">
   <marc:leader>00000nam a2200000 a 4500</marc:leader>
   <marc:datafield ind1="1" ind2=" " tag="100">
      <marc:subfield code="a">Dietl, Erhard</marc:subfield>
      <marc:subfield code="4">aut</marc:subfield>
      <marc:subfield code="e">Verfasser/-in</marc:subfield>
   </marc:datafield>
   <marc:datafield ind1=" " ind2=" " tag="653">
      <marc:subfield code="a">Kinderbuch</marc:subfield>
   </marc:datafield>
   <marc:datafield ind1="0" ind2="0" tag="245">
      <marc:subfield code="a">Lothar ist nicht Supermann</marc:subfield>
   </marc:datafield>
   <marc:datafield ind1="0" ind2="0" tag="245">
      <marc:subfield code="c">Erhard Dietl</marc:subfield>
   </marc:datafield>
   <marc:datafield ind1=" " ind2="1" tag="264">
      <marc:subfield code="a">Ravensburg</marc:subfield>
      <marc:subfield code="b">Ravensburger Buchverl.</marc:subfield>
      <marc:subfield code="c">1996</marc:subfield>
   </marc:datafield>
   <marc:datafield ind1="1" ind2=" " tag="490">
      <marc:subfield code="a">¬Der¬ blaue Rabe : Erster Lesespass</marc:subfield>
   </marc:datafield>
   <marc:datafield ind1=" " ind2=" " tag="250">
      <marc:subfield code="a">1. [Aufl.]</marc:subfield>
   </marc:datafield>
   <marc:datafield ind1="1" ind2=" " tag="520">
      <marc:subfield code="a">Wie soll sich Lothar ganz allein gegen zwei Blödmänner aus der 4. Klasse durchsetzen, er ist doch nicht Supermann! Aber Klassenkameradin Sandra kommt ihm zu Hilfe und staucht die Grossen ordentlich zusammen. Sie lädt Lothar am Wochenende zum Reiten ein. Er sagt ganz begeistert zu, hat aber noch nie auf einem Pferd gesessen. Lothar träumt von einem zünftigen Tag als Cowboy mit Lagerfeuer, Bohnen und Speck. Als er aber schliesslich Sandras Pferd "Kamel" aus der Nähe kennenlernt, zieht er eine Zuschauerrolle hinter dem sicheren Zaun entschieden vor. Trotzdem wird es ein herrlicher Tag - man wird ja wohl wenigstens ein bisschen aufschneiden dürfen! Ein idealer Titel für Leseanfänger, der die kindliche Gefühlswelt mit hintergründigem Humor skizziert und dessen Illustrationen zum Schmunzeln einladen. - Gern empfohlen.</marc:subfield>
   </marc:datafield>
   <marc:datafield ind1=" " ind2=" " tag="020">
      <marc:subfield code="a">3473340669</marc:subfield>
      <marc:subfield code="9">3473340669</marc:subfield>
   </marc:datafield>
   <marc:datafield ind1=" " ind2=" " tag="300">
      <marc:subfield code="a">43 S. : überw. Ill. (farb.)</marc:subfield>
   </marc:datafield>
</marc:record>
